Everton players (2010-2020) - Statistics

General Stats
  • This quiz has been taken 18 times
  • The average score is 60 of 97
Answer Stats
Rank Player Positions Nationality Matches Goals (assists) Period % Correct
18 Idrissa Gueye DM 99 3 (4) 2016-2019
100%
6 Kevin Mirallas RW 151 29 (21) 2012-2018
100%
2 Leighton Baines LB 258 27 (38) 2010-2020
100%
58 Moise Kean ST 29 2 (2) 2019-2020
100%
26 Richarlison ST 71 26 (6) 2018-2020
100%
9 Romelu Lukaku ST 141 68 (24) 2013-2017
100%
1 Séamus Coleman RB 271 20 (21) 2010-2020
100%
4 Tim Howard GK 206 1 (1) 2010-2016
100%
17 Gylfi Sigurdsson AM 100 19 (12) 2017-2020
92%
12 Jordan Pickford GK 114 0 (0) 2017-2020
92%
27 Lucas Digne LB 70 4 (11) 2018-2020
92%
62 Magaye Gueye ST 24 1 (3) 2010-2013
92%
20 Marouane Fellaini CM 88 15 (12) 2010-2014
92%
19 Michael Keane CB 94 3 (3) 2017-2020
92%
3 Phil Jagielka CB 242 13 (4) 2010-2019
92%
16 Steven Pienaar LM 103 13 (19) 2010-2016
92%
32 Tim Cahill AM 62 11 (6) 2010-2012
92%
14 Tom Davies CM 105 5 (4) 2015-2020
92%
44 Yerry Mina CB 42 3 (1) 2018-2020
92%
60 Alex Iwobi LW 25 1 (0) 2019-2020
83%
11 Dominic Calvert-Lewin ST 114 24 (8) 2016-2020
83%
21 Johnny Heitinga CB 84 2 (0) 2010-2014
83%
35 Nikica Jelavic ST 59 16 (3) 2011-2014
83%
57 Wayne Rooney ST 31 10 (2) 2017-2018
83%
41 André Gomes CM 46 1 (2) 2018-2020
75%
39 Bryan Oviedo LB 50 2 (3) 2012-2017
75%
13 James McCarthy CM 108 6 (8) 2013-2019
75%
22 John Stones CB 77 1 (0) 2013-2016
75%
53 Kurt Zouma CB 32 2 (2) 2018-2019
75%
5 Leon Osman CM 160 18 (15) 2010-2016
75%
29 Mason Holgate CB 65 0 (4) 2016-2020
75%
56 Mikel Arteta CM 31 4 (4) 2010-2012
75%
23 Phil Neville RB 76 1 (2) 2010-2013
75%
7 Ross Barkley CM 150 21 (18) 2011-2017
75%
8 Sylvain Distin CB 145 2 (2) 2010-2015
75%
73 Yakubu Aiyegbeni ST 14 1 (1) 2010-2011
75%
40 Arouna Koné ST 48 6 (3) 2013-2017
67%
34 Ashley Williams CB 60 2 (3) 2016-2018
67%
33 Bernard LW 61 4 (6) 2018-2020
67%
42 Cenk Tosun ST 44 9 (3) 2017-2020
67%
66 Enner Valencia ST 21 3 (1) 2016-2017
67%
10 Gareth Barry DM 131 5 (8) 2013-2017
67%
45 Louis Saha ST 40 7 (1) 2010-2012
67%
68 Maarten Stekelenburg GK 19 0 (0) 2016-2017
67%
25 Morgan Schneiderlin DM 73 1 (1) 2016-2020
67%
47 Muhamed Besic DM 37 0 (0) 2014-2016, 2017-2018
67%
24 Theo Walcott RW 76 10 (8) 2017-2020
67%
48 Ademola Lookman CF 36 1 (2) 2016-2019
58%
52 Aiden McGeady LW 32 1 (4) 2013-2015
58%
75 Anthony Gordon LW 11 0 (1) 2019-2020
58%
38 Darron Gibson CM 51 2 (4) 2011-2016
58%
46 Jack Rodwell CB 38 2 (2) 2010-2012
58%
50 Oumar Niasse ST 35 8 (2) 2015-2016, 2017-2020
58%
72 Samuel Eto'o ST 14 3 (1) 2014-2015
58%
15 Steven Naismith CF 103 19 (3) 2012-2016
58%
30 Tony Hibbert RB 64 0 (3) 2010-2016
58%
59 Yannick Bolasie LW 29 2 (4) 2016-2018
58%
28 Aaron Lennon RW 65 7 (3) 2014-2018
50%
71 Antolín Alcaraz CB 14 0 (0) 2013-2015
50%
64 Cuco Martina CB 21 0 (2) 2017-2018
50%
78 Davy Klaassen CM 7 0 (0) 2017-2018
50%
49 Diniyar Bilyaletdinov AM 36 2 (3) 2010-2012
50%
31 Gerard Deulofeu ST 62 5 (11) 2013-2014, 2015-2017
50%
51 Jermaine Beckford ST 34 8 (2) 2010-2012
50%
43 Joel Robles GK 42 0 (1) 2013-2017
50%
80 Landon Donovan ST 7 0 (3) 2011-2012
50%
74 Nikola Vlašić AM 12 0 (0) 2017-2018
50%
83 Tyias Browning CB 7 0 (0) 2014-2016
50%
37 Victor Anichebe ST 55 11 (4) 2010-2014
50%
63 Apostolos Vellios ST 22 3 (1) 2010-2013
42%
84 Christian Atsu LW 5 0 (1) 2014-2015
42%
61 Djibril Sidibé RB 25 0 (4) 2019-2020
42%
70 Fabian Delph CM 16 0 (0) 2019-2020
42%
79 James McFadden CF 7 0 (0) 2011-2012
42%
90 Jan Mucha GK 2 0 (0) 2012-2013
42%
97 Lacina Traoré ST 1 0 (0) 2013-2014
42%
36 Ramiro Funes Mori CB 55 4 (2) 2015-2018
42%
77 Sandro Ramírez ST 8 0 (0) 2017-2018
42%
82 Thomas Hitzlsperger CM 7 0 (0) 2012-2013
42%
54 Tom Cleverley CM 32 2 (4) 2015-2017
42%
76 Beni Baningime DM 8 0 (0) 2017-2018
33%
69 Brendan Galloway CB 17 0 (1) 2014-2016
33%
65 Denis Stracqualursi ST 21 1 (1) 2011-2012
33%
89 Eliaquim Mangala CB 2 0 (0) 2017-2018
33%
55 Jonjoe Kenny RB 31 0 (2) 2015-2019
33%
93 Kieran Dowell AM 2 0 (0) 2015-2016
33%
85 Luke Garbutt LB 5 0 (0) 2013-2015
33%
81 Matthew Pennington CB 7 1 (0) 2015-2017
33%
67 Royston Drenthe LM 21 3 (5) 2011-2012
33%
96 James Vaughan ST 1 0 (0) 2010-2011
25%
87 Jarrad Branthwaite CB 4 0 (0) 2019-2020
25%
91 Jean-Philippe Gbamin DM 2 0 (0) 2019-2020
25%
95 Callum Connolly CB 1 0 (0) 2015-2016
17%
88 Conor McAleny ST 2 0 (0) 2011-2012
17%
92 Jose Baxter AM 2 0 (0) 2010-2012
17%
86 Shane Duffy CB 5 0 (0) 2011-2013
17%
94 Adam Forshaw CM 1 0 (0) 2010-2011
8%
No matching quizzes found
Score Distribution
Percent of People with Each Score
Percentile by Number Answered
Your Score History
You have not taken this quiz